| 000 | 01584nam a22002897a 4500 | ||
|---|---|---|---|
| 999 |
_c358011 _d358011 |
||
| 003 | IT-MiSPE | ||
| 005 | 20181115122217.0 | ||
| 008 | 180927b ||||| |||| 00| 0 eng d | ||
| 040 |
_aIT-MiSPE _bita _cIT-MISPE |
||
| 041 | _aita | ||
| 082 | _a838-MAN th bu (23193) | ||
| 100 |
_aMann, Thomas _cPremio Nobel (1929) _d1875-1955 _eautore _957389 |
||
| 240 |
_aBuddenbrooks ; Tolstoj. Zur Jahrhundertfeier seiner Geburt ; Richard Wagner und der "Ring des Nibelungen" ; Goethe und die Demokratie / _lger |
||
| 245 |
_aI Buddenbrook ; Tolstoj. Per il centenario della nascita ; Richard Wagner e "L'anello del Nibelungo" ; Goethe e la Democrazia / _cTraduzione di Ervino Pocar / Italo Alighiero Chiusano / Bruno Arzeni / |
||
| 250 | _aEdizione speciale CDE spa - Milano su licenza della Arnoldo Mondadori Editore | ||
| 260 |
_aMilano : _bCollezione Premi Nobel (su licenza della Mondadori) _c1985 [1952-53 ; 1958 ; 1953 ; 1958] |
||
| 300 |
_axxxv, 798 p. ; _c19 cm |
||
| 490 | _aCollezioni Premi Nobel | ||
| 546 | _aTraduzione di Ervino Pocar (I Buddenbrook) ; Italo Alighiero Chiusano (Tolstoj) ; Bruno Arzeni (Richard Wagner e "L'anello del Nibelungo" / Goethe e la Democrazia) | ||
| 655 |
_aLingua e letteratura tedesca _xVari altri autori: opere originali e studi _957384 |
||
| 700 |
_aPocar, Ervino _d1892-1981 _etr. _957390 |
||
| 700 |
_aChiusano, Alighiero Italo _d1926-1995 _etr. _957391 |
||
| 700 |
_aArzeni, Bruno _d1905-1954 _etr. _957392 |
||
| 700 |
_aPaci, Enzo _d1911-1976 _eintroduzione (Thomas Mann) _957394 |
||
| 830 |
_aCollezioni Premi Nobel _957393 |
||
| 942 |
_2ddc _cBK |
||